00650nam a2200193 a 4500090002100000041000800021245002000029249011000049260003200159300000900191650001500200650003100215650002300246650002300269650002500292662001400317773011000331999001500441 aIAVHb01299 CD-6 aspa aPOMCA San Jorge aInforme de actividades de apoyo en los eventos de socialización y retroalimentación del PAB Córdoba aMonteríabIAVHbCVSc2008 a1 CD aSIG927722 aRecursos hídricos992528 aEcosistemas992256 aInventarios992201 aCartografía992714 bCórdoba tInforme de actividades de apoyo en los eventos de socialización y retroalimentación del PAB Córdoba c7217d7217